000 02900nam a22003137a 4500
003 OSt
005 20210224161325.0
008 210224s2016 ck ||||gr|||| 00| 0dspa d
020 _a9789587631739
040 _aCO-JMCR
_cCO-JMCR
041 0 _aspa
082 0 4 _a149.1 /
_bA553r
_223
100 1 _aAndrade Uribe, Schumann Javier,
_eautor
_913921
245 1 0 _aRacionalidad, lenguaje y acción :
_baproximaciones analíticas /
_cSchumann Javier Andrade Uribe, Tomás Andrés Barrero Guzmán, José Andrés Forero Mora [y otros 4] ; editor José Andrés Forero Mora
250 _aPrimera edición
260 _aBogotá :
_bUniminuto,
_c2016
300 _axii, 195 páginas ;
_c23 cm.
490 0 _aProblemas de filosofía contemporánea
500 _aIncluye referencias bibliográficas al final de cada capítulo y notas a pie de página.
505 0 _tPluralidad del análisis filosófico /
_rJosé Andrés Forero Mora
_tRacionalidad animal. Un debate psicológico en perspectiva hermenéutica /
_rMiguel Andrés Pérez Jiménez
_tAutoconocimiento, autoconciencia y autoridad de primera persona. Un análisis conceptual /
_rJosé Andrés Forero Mora
_tIntención, lenguaje y conocimiento práctico /
_rTomás Andrés Barrero Guzmán
_tContradicciones y racionalidad: Susana y los viejos jueces y la resurrección de Jesús, un estudio de casos /
_rSusana Gómez Gutiérrez
_tH. Putnam y Ch. Peirce: sobre la bondad de la racionalidad /
_rAnderson Mina Vargas
_tEntre reglas, instituciones y razones para la acción: la discusión Raz-Searle /
_rLaura I. Giraldo Ceballos
_tAnálisis argumentativo: el recurso a la piedad en ética /
_rSchumann Javier Andrade Uribe
520 3 _aLos textos que aquí se incluyen tienen como lugar común la cuestión del análisis, aunque ninguno de ellos tematiza ni problematiza directamente esta noción. Cada una de las contribuciones que compone este libro utiliza metodológicamente al menos un tipo de análisis para examinar y desarrollar un problema filosófico determinado. La intención de este libro, entonces, podría ser análoga a la intención que tiene un padre que enseña a su hijo a jugar fútbol mediante la práctica misma del juego. Como el lector mismo podrá observar, cada uno de los textos constituye una muy buena demostración de lo que significa una aproximación analítica -una aproximación a través del análisis filosófico- a un problema. La virtud del libro en su conjunto es que evidencie distintas maneras como se entiende "análisis filosófico" a través de la puesta en marcha del análisis mismo.
650 1 4 _aRacionalismo
_92336
650 2 4 _aAnálisis (Filosofía)
_913922
650 2 4 _aFilosofía del lenguaje
_913923
700 1 _aBarrero Guzmán, Tomás Andrés,
_eautor
_913924
700 1 _aForero Mora, José Andrés
_eautor
_9581
700 1 _aForero Mora, José Andrés,
_eeditor
_9581
942 _2ddc
_cBK
999 _c7323
_d7323